000 00554nam a2200217Ia 4500
005 20240506092926.0
008 131103s9999 xx 000 0 und d
020 _a0 09 456430 2
040 _aLoreto College
041 _aEnglish
082 _a371.42
_bHOL
100 _aHolden, Alick
245 _aTeachers as counsellors
_cAlick Holden
260 _aLondon
_bConstable
_c1973
300 _ax,211p.
504 _aIncludes appendix & index
650 _aEducation
651 _aSchool counselling & guidance
850 _aLCBED
942 _cBK
999 _c25921
_d76400